Constitución Politica de la República de Chile

محفوظ في:
التفاصيل البيبلوغرافية
التنسيق: كتاب
اللغة:الإسبانية
منشور في: Santiago Imprenta de R. Rengifo 1828
الطبعة:1a. ed
الموضوعات:
الوسوم: إضافة وسم
لا توجد وسوم, كن أول من يضع وسما على هذه التسجيلة!

MARC

LEADER 00000nam a2200000 a 4500
001 UCJ8424
003 CL-VaPUC
005 20250331105948.0
008 070124e18280000CL |||||||||||||||||spa|d
999 |c 324146  |d 324144 
040 |c Pontificia Universidad Católica de Valparaíso 
082 0 4 |a 983  |b CON  |2 21 
245 1 0 |a Constitución Politica de la República de Chile 
250 |a 1a. ed 
260 |a Santiago  |b Imprenta de R. Rengifo  |c 1828 
300 |a 35 p 
583 |a last modification  |c 20140903 02:42:21  |k Rodrigo Vera 
600 0 7 |a CONSTITUCION POLITICA DE 1828  |2 CL-VaPUC  |9 332800 
600 0 |a Pinto Diaz, Francisco Antonio,  |c Presidente de Chile  |d 1785-1858  |9 897758 
650 0 |a Historia de Chile  |9 265473 
650 0 |a Historia constitucional  |9 256052 
650 7 |a LIBROS RAROS  |2 CL-VaPUC  |9 321878 
942 |c BK  |2 ddc 
945 |d 20070124 00:00:00  |a rinostro 
952 |0 0  |1 0  |4 0  |6 983_000000000000000_CON_1828  |7 0  |8 X  |9 404083  |a FDOBUD  |b FDOBUD  |d 2019-11-22  |i 1077740  |o 983 CON 1828  |p 1077740  |r 2019-11-22  |w 2019-11-22  |y BK_X  |k BUD